Las armas secretas /

Guardado en:
Autor Principal: Cortázar, Julio
Formato: Libro
Publicado: Buenos Aires : Alfaguara, 2014
Series:Biblioteca Cortázar
Materias:
Etiquetas: Agregar Etiqueta
Sin Etiquetas, Sea el primero en etiquetar este registro!
LEADER 00873nam a22002655a 4500
001 CEM.cems018331
005 20140717124705.0
008 130507s2014##################000#0#####d
003 CEMS
020 |a 9789870433644 
082 0 4 |a A868.4 
100 1 |a Cortázar, Julio 
245 1 0 |a Las armas secretas /  |c Julio Cortázar 
260 |a Buenos Aires :  |b Alfaguara,  |c 2014 
300 |a 200 p. 
490 0 |a Biblioteca Cortázar 
500 |a Reúne cinco cuentos que forman parte de la mejor tradición del género. 
505 0 |a Cartas de mamá -- Los buenos servicios -- Las barbas del diablo -- El perseguidor -- Las armas secretas 
653 |a Literatura 
653 |a Literatura argentina 
653 |a Narrativa 
653 |a Narrativa argentina 
653 |a Cuentos 
653 |a Cuento argentino 
859 |a CEMS  |b BIB. CEMS - Agricultura  |h A868.4  |i C891-5  |p A2166.14  |t Ej.1